Jose Rizal: (Record no. 89232)
[ view plain ]
| 000 -LEADER | |
|---|---|
| fixed length control field | 00840nam a22002417a 4500 |
| 003 - CONTROL NUMBER IDENTIFIER | |
| control field | URS |
| 005 - DATE AND TIME OF LATEST TRANSACTION | |
| control field | 20260212072338.0 |
| 008 - FIXED-LENGTH DATA ELEMENTS--GENERAL INFORMATION | |
| fixed length control field | 260212b |||||||| |||| 00| 0 eng d |
| 020 ## - INTERNATIONAL STANDARD BOOK NUMBER | |
| International Standard Book Number | 9789719655947 |
| 040 ## - CATALOGING SOURCE | |
| Original cataloging agency | DLC |
| Language of cataloging | eng |
| Transcribing agency | DLC |
| Modifying agency | URS |
| Description conventions | rda |
| 050 ## - LIBRARY OF CONGRESS CALL NUMBER | |
| Classification number | DS 675.8.R57 |
| Item number | P2638 2024 |
| 100 ## - MAIN ENTRY--PERSONAL NAME | |
| Personal name | Pasigui, Ronnie Espergal |
| 245 ## - TITLE STATEMENT | |
| Title | Jose Rizal: |
| Remainder of title | the man and the hero Facts, Legacies & Controversies |
| Statement of responsibility, etc. | Ronnie Espergal Pasigui |
| 264 ## - PRODUCTION, PUBLICATION, DISTRIBUTION, MANUFACTURE, AND COPYRIGHT NOTICE | |
| Place of production, publication, distribution, manufacture | Intramuros, Manila |
| Name of producer, publisher, distributor, manufacturer | Mindshapers Co., Inc. |
| Date of production, publication, distribution, manufacture, or copyright notice | c2024 |
| 300 ## - PHYSICAL DESCRIPTION | |
| Extent | xii, |
| Other physical details | 294 pages; illustration; |
| Dimensions | 26cm. |
| 336 ## - CONTENT TYPE | |
| Source | rdacontent |
| Content type term | text |
| Content type code | txt |
| 337 ## - MEDIA TYPE | |
| Source | rdamedia |
| Media type term | unmediated |
| Media type code | n |
| 338 ## - CARRIER TYPE | |
| Source | rdacarrier |
| Carrier type term | volume |
| Carrier type code | nc |
| 504 ## - BIBLIOGRAPHY, ETC. NOTE | |
| Bibliography, etc. note | includes references. |
| 546 ## - LANGUAGE NOTE | |
| Language note | In English text. |
| 650 ## - SUBJECT ADDED ENTRY--TOPICAL TERM | |
| Source of heading or term | Heroes- Philippines- Biography |
| 942 ## - ADDED ENTRY ELEMENTS (KOHA) | |
| Source of classification or shelving scheme | Library of Congress Classification |
| Koha item type | Filipiniana |
| Classification part | DS 675.8.R57 |
| Item part | P2638 2024 |
| Withdrawn status | Source of classification or shelving scheme | Damaged status | Not for loan | Home library | Current library | Shelving location | Total Checkouts | Full call number | Barcode | Date last seen | Koha item type | Date acquired | Price effective from |
|---|---|---|---|---|---|---|---|---|---|---|---|---|---|
| Library of Congress Classification | Angono College Library | Angono College Library | Filipiniana Section | DS 675.8.R57 P2638 2024 | URSANG-7676 | 02/12/2026 | Filipiniana | ||||||
| Dewey Decimal Classification | Pililla College Library | Pililla College Library | Filipiniana Section | 959.9025092 P2638 2024 | URSPIL-7342 | 02/18/2026 | Filipiniana | 02/18/2026 | 02/18/2026 |